| 000 | 02076nam a2200313 4500 | ||
|---|---|---|---|
| 001 | 189 | ||
| 003 | OSt | ||
| 005 | 20250528074014.0 | ||
| 008 | 250131b |||||||g |||| 00| 1 eng d | ||
| 040 | _bpor | ||
| 041 |
_heng _apor |
||
| 082 |
_a823 _bD314m |
||
| 100 | 1 |
_aDefoe, Daniel, _d1661?-1731 _9347 |
|
| 240 | _aThe fortunes and Misfortunes of the famous Moll Flanders | ||
| 245 |
_aMoll Flanders / _cDefoe, Daniel ; Tradução de Antônio Alves Cury |
||
| 260 |
_aSão Paulo _bNova Cultural _c1987 |
||
| 300 | _a356 p. | ||
| 520 | _aThe Fortunes & Misfortunes of the Famous Moll Flanders (também conhecido como Moll Flanders ) é um romance de Daniel Defoe, publicado pela primeira vez em 1722. Ele pretende ser o relato verdadeiro da vida da homônima Moll, detalhando suas façanhas desde o nascimento até a velhice. Em 1721, Defoe se tornou um romancista reconhecido, com o sucesso de Robinson Crusoé em 1719. Seu trabalho político estava diminuindo neste ponto, devido à queda dos líderes do partido Whig e Tory com os quais ele estava associado (Robert Walpole estava começando sua ascensão). Defoe nunca se sentiu totalmente em casa com o grupo Walpole. As visões Whig de Defoe são, no entanto, evidentes na história de Moll. O título completo do romance dá uma ideia disso e do esboço do enredo: "As fortunas e infortúnios da famosa Moll Flanders, etc., que nasceu em Newgate e, durante uma vida de contínua variedade por sessenta anos, além da infância, foi prostituta por doze anos, esposa cinco vezes (uma delas do próprio irmão), ladra por doze anos, criminosa deportada por oito anos na Virgínia, finalmente enriqueceu, viveu honestamente e morreu penitente. Escrito a partir de seus próprios memorandos." | ||
| 650 | 0 |
_aLiteratura Inglesa _989 |
|
| 650 | 0 |
_aExperiência de vida _9188 |
|
| 650 | 0 |
_aAmor e Paixão _925 |
|
| 650 | 0 |
_aHistórico _953 |
|
| 650 | 0 |
_aClássicos _977 |
|
| 650 | 0 |
_aFilme _926 |
|
| 655 | 0 |
_aRomance _923 |
|
| 655 | 0 |
_aFicção _922 |
|
| 700 |
_aAntônio Alves Cury _eTradutor _9348 |
||
| 942 |
_2ddc _n0 _cBK |
||
| 999 |
_c189 _d189 |
||